Aspectos controvertidos do direito ambiental : (Record no. 485)

MARC details
000 -LÍDER
Campo Fixo de Controle 00891nam a2200241 a 4500
001 - NÚMERO DE CONTROLE
Campo de Controle 485
003 - IDENTIFICAÇÃO DO NÚMERO DE CONTROLE
Campo de Controle BR-CuiBMT
005 - DATA E HORA DA ÚLTIMA ATUALIZAÇÃO
Campo de Controle 20231129053438.0
008 - DADOS FIXOS
Dados Fixos 231107s2013 mgb 000 0 por d
020 ## - INTERNATIONAL STANDARD BOOK NUMBER
Nº do ISBN 9788577006496
040 ## - AGÊNCIA CATALOGADORA
Código da Agência Catalogadora BR-CuiBMT
Agência que transcreveu o registro BR-CuiBMT
080 ## - Nº DA CLASSIFICAÇÃO DECIMAL UNIVERSAL
Nº edição CDU 2007
Nº Class. CDU 349.6
090 ## - NÚMERO DE CHAMADA
Nº classificação 349.6
Cutter A838
245 00 - TÍTULO PRINCIPAL
Título principal Aspectos controvertidos do direito ambiental :
Subtítulo tutela material e tutela processual /
Indicação de responsabilidade Fernando F. Rossi ... [et al.] coordenadores ; [autores: Ana Cláudia La Plata de Melo Franco ... et al.] ; prefácio Édis Milaré.
260 ## - PUBLICAÇÃO, DISTRIBUIÇÃO, ETC.
Local de publicação Belo Horizonte :
Editora Fórum,
Data 2013.
300 ## - DESCRIÇÃO FÍSICA
N. páginas ou volumes 528 p. ;
Dimensões 22 cm
504 ## - NOTA DE BIBLIOGRAFIA, ETC.
Nota de bibliografia Inclui bibliografia.
650 ## - ASSUNTO TÓPICO
Cabeçalho tópico ou nome geográfico Direito ambiental
Subdivisão geográfica Brasil
650 ## - ASSUNTO TÓPICO
Cabeçalho tópico ou nome geográfico Responsabilidade por danos ambientais
Subdivisão geográfica Brasil
700 1# - ENTRADA SECUNDÁRIA -- NOME PESSOAL
Nome pessoal Rossi, Fernando F.
Cód. do termo explicativo coord.
700 1# - ENTRADA SECUNDÁRIA -- NOME PESSOAL
Nome pessoal Franco, Ana Cláudia La Plata de Mello
Termo de relação et al.
-- autores
942 ## - ELEMENTOS DE ENTRADA ADICIONAIS (KOHA)
Fonte de classificação ou esquema de arquivamento Classificação Decimal Universal
Tipo de item do Koha Livros
Holdings
Estado: removido Estado: perdido Fonte de classificação ou esquema de arquivamento Estado: danificado Indisponível para empréstimo Localização permanente Localização atual Data de aquisição Total Checkouts Número de Chamada completo Código de barras Date last seen Número do exemplar Preço efetivo a partir de Tipo de item (Koha)
    Classificação Decimal Universal     Biblioteca da Escola Superior de Contas do TCE/MT Biblioteca da Escola Superior de Contas do TCE/MT 14/08/2019   349.6 A838 BIBTCEMT23110243 07/11/2023 Ex. 1 07/11/2023 Livros
    Classificação Decimal Universal     Biblioteca da Escola Superior de Contas do TCE/MT Biblioteca da Escola Superior de Contas do TCE/MT 14/08/2019   349.6 A838 BIBTCEMT23110244 07/11/2023 Ex. 2 07/11/2023 Livros

Powered by Koha